[Event "Frankfurter Stadtmeisterschaft 2026 A"]
[Site "Frankfurt am Main"]
[Date "2026.05.04"]
[Round "2.2"]
[White "Döhne, Vincent"]
[Black "Karsay, Pascal"]
[Result "0-1"]
[WhiteElo "1867"]
[BlackElo "2412"]
[PlyCount "58"]
[GameId "2304196703133827"]
[EventDate "2026.04.27"]
[WhiteTeam "SC 1979 Hattersheim"]
[BlackTeam "SV Worms 1878"]

1. d4 Nf6 2. c4 e6 3. Nc3 Bb4 4. Qc2 d6 5. Nf3 c5 6. e3 O-O 7. Bd3 cxd4 8. exd4 e5 9. Bg5 Bxc3+ 10. bxc3 h6 11. Bxf6 Qxf6 12. O-O Nc6 13. d5 Nb8 14. Nd2 Nd7 15. f4 exf4 16. Ne4 Qe7 17. Rxf4 f5 18. Nf2 g6 19. Kf1 Ne5 20. Re1 b6 21. Rf3 Bd7 22. Nh3 Rae8 23. Qf2 Qf6 24. Rg3 f4 25. Nxf4 Qxf4 26. Qxf4 Rxf4+ 27. Kg1 Nxd3 28. Rxe8+ Bxe8 29. Rxd3 Rxc4 0-1

[Event "Frankfurter Stadtmeisterschaft 2026 A"]
[Site "Frankfurt am Main"]
[Date "2026.05.04"]
[Round "2.3"]
[White "Neukirchner, Pascal"]
[Black "Raumanns, Niklas"]
[Result "1-0"]
[WhiteElo "2318"]
[BlackElo "1850"]
[PlyCount "69"]
[GameId "2304196703146116"]
[EventDate "2026.04.27"]
[WhiteTeam "Heilbronner SV"]
[BlackTeam "SC Bergen-Enkheim 1922"]

1. Nf3 Nf6 2. g3 g6 3. b3 Bg7 4. Bb2 d5 5. c4 c6 6. Bg2 O-O 7. O-O Bf5 8. d3 Re8 9. Nbd2 Nbd7 10. Nh4 Be6 11. Qc2 c5 12. e4 d4 13. h3 Nh5 14. Rae1 f6 15. Bc1 Bf7 16. Bf3 g5 17. Nf5 Bf8 18. Qd1 e6 19. Bxh5 Bxh5 20. Qxh5 exf5 21. exf5 Ne5 22. Ne4 Bg7 23. Qd1 Qc8 24. f4 gxf4 25. Bxf4 Qc6 26. Bxe5 Rxe5 27. Qh5 Qe8 28. Qxe8+ Raxe8 29. g4 Kf8 30. Kf2 R8e7 31. Nd6 Bh6 32. Rxe5 fxe5 33. Kf3 Rd7 34. Ne4 b6 35. g5 1-0

[Event "Frankfurter Stadtmeisterschaft 2026 A"]
[Site "Frankfurt am Main"]
[Date "2026.05.04"]
[Round "2.4"]
[White "Ewers, Christian"]
[Black "Nehmert, Ulrich"]
[Result "0-1"]
[WhiteElo "1834"]
[BlackElo "2256"]
[PlyCount "74"]
[GameId "2304196703154309"]
[EventDate "2026.04.27"]
[WhiteTeam "SC Hansa Dortmund e. V."]
[BlackTeam "Wiesbadener SV 1885"]

1. e4 c6 2. d4 d5 3. e5 Bf5 4. Nc3 e6 5. g4 Bg6 6. Nge2 c5 7. h4 h5 8. Nf4 Bh7 9. Nxh5 cxd4 10. Nb5 Nc6 11. Nxd4 Qb6 12. Bb5 a6 13. Ba4 Nge7 14. c3 Qc7 15. f4 Be4 16. Rh3 b5 17. Bc2 O-O-O 18. Be3 g6 19. Ng3 Bxc2 20. Nxc2 g5 21. Nh5 gxf4 22. Bxf4 Ng6 23. Bh2 Be7 24. g5 Ncxe5 25. a4 Qc4 26. Nd4 b4 27. b3 Qc7 28. cxb4 Bxb4+ 29. Kf1 Kb7 30. Rc1 Qb6 31. Bg1 Rc8 32. Rxc8 Rxc8 33. Nf6 Bc5 34. b4 Bxd4 35. Qxd4 Rc1+ 36. Kg2 Nf4+ 37. Kh1 Qxd4 0-1

[Event "Frankfurter Stadtmeisterschaft 2026 A"]
[Site "Frankfurt am Main"]
[Date "2026.05.04"]
[Round "2.5"]
[White "Leimeister, Erhard"]
[Black "Clauss, Hendrik"]
[Result "1-0"]
[WhiteElo "2209"]
[BlackElo "1778"]
[PlyCount "59"]
[GameId "2304196703154310"]
[EventDate "2026.04.27"]
[WhiteTeam "SV 1934 Ffm-Griesheim"]
[BlackTeam "SC Bergen-Enkheim 1922"]

1. Nf3 e6 2. c4 d5 3. g3 Nf6 4. Bg2 Bd6 5. O-O O-O 6. d4 Nc6 7. Nbd2 a5 8. Qc2 a4 9. e4 dxe4 10. Nxe4 Nxe4 11. Qxe4 f5 12. Qe2 Bd7 13. Re1 Qf6 14. c5 Be7 15. Bg5 Qf7 16. Bxe7 Qxe7 17. d5 Nd8 18. Nd4 Qxc5 19. dxe6 Qxd4 20. Rad1 Qf6 21. Rxd7 Re8 22. Rxc7 Nxe6 23. Bd5 Ra6 24. Rxb7 Rd6 25. Qc4 Kf8 26. Qb4 Nd8 27. Rxe8+ Kxe8 28. Qxa4+ Kf8 29. Rd7 Qe5 30. Qb4 1-0

[Event "Frankfurter Stadtmeisterschaft 2026 A"]
[Site "Frankfurt am Main"]
[Date "2026.05.04"]
[Round "2.6"]
[White "Rabiya, Karim"]
[Black "Steigleder, Maximilian"]
[Result "1-0"]
[WhiteElo "1786"]
[BlackElo "2087"]
[PlyCount "43"]
[GameId "2304196703162503"]
[EventDate "2026.04.27"]
[WhiteTeam "SK Niederbrechen 1948"]
[BlackTeam "Sfr.1932 Kelkheim"]

1. e4 e5 2. Bc4 Nf6 3. Nc3 Nc6 4. d3 Bb4 5. Bg5 Na5 6. Bb3 Nxb3 7. axb3 d5 8. exd5 Qxd5 9. Qf3 e4 10. Qe3 O-O 11. Bxf6 exd3 12. O-O-O Qf5 13. Bxg7 Kxg7 14. Qd4+ f6 15. Qxb4 Qg5+ 16. f4 Qxg2 17. Rxd3 Qxh1 18. Qe7+ Kg6 19. Rg3+ Bg4 20. Rxg4+ Kh5 21. h3 Rae8 22. Qxh7# 1-0

[Event "Frankfurter Stadtmeisterschaft 2026 A"]
[Site "Frankfurt am Main"]
[Date "2026.05.04"]
[Round "2.7"]
[White "Karpasyuk, Yevgen"]
[Black "Held, Bernhard"]
[Result "1-0"]
[WhiteElo "2100"]
[BlackElo "1828"]
[PlyCount "129"]
[GameId "2304196703170696"]
[EventDate "2026.04.27"]
[WhiteTeam "SAbt TuS Makkabi Ffm"]
[BlackTeam "SK 1908 Göggingen"]

1. e4 c5 2. Nc3 Nc6 3. Bb5 Nd4 4. Bc4 e6 5. Nge2 Nf6 6. O-O b5 7. Nxd4 bxc4 8. Nf3 Be7 9. Qe2 O-O 10. Qxc4 d5 11. Qe2 dxe4 12. Nxe4 Bb7 13. d3 Nxe4 14. dxe4 Qc7 15. Re1 e5 16. Bd2 Kh8 17. Bc3 f6 18. Nh4 g6 19. Qe3 Rg8 20. Rad1 Bc8 21. Nf3 Be6 22. a3 Rad8 23. Qe2 h6 24. Nd2 Rd7 25. Nf1 Rgd8 26. Ne3 Kh7 27. Rxd7 Rxd7 28. Rd1 Qd8 29. Rxd7 Qxd7 30. h3 Kg7 31. Kh2 Bd8 32. Ng4 h5 33. Ne3 Bc7 34. Qa6 Bb6 35. Qe2 Bc7 36. b3 Kf7 37. a4 Bb6 38. Nc4 Bc7 39. Ne3 Kg7 40. f3 Kh7 41. Qa6 Bb8 42. Qa5 Bd6 43. Kg3 Kh6 44. Bd2 g5 45. Kf2 Kg6 46. Qc3 g4 47. hxg4 hxg4 48. fxg4 Qh7 49. Nf5 Bc7 50. Qh3 Qd7 51. Qh6+ Kf7 52. Qg7+ Ke8 53. Qh8+ Kf7 54. Qh5+ Kg8 55. Qg6+ Kh8 56. Qxf6+ Kh7 57. Qh6+ Kg8 58. Qg6+ Kh8 59. Bg5 Bd8 60. Qh6+ Kg8 61. Qg6+ Kh8 62. Bxd8 Qd2+ 63. Kg1 Qc1+ 64. Kh2 Qf4+ 65. Kh3 1-0

[Event "Frankfurter Stadtmeisterschaft 2026 A"]
[Site "Frankfurt am Main"]
[Date "2026.05.04"]
[Round "2.8"]
[White "Gutacker, Stephan"]
[Black "Reus, Rudolf"]
[Result "0-1"]
[WhiteElo "1932"]
[BlackElo "2207"]
[PlyCount "60"]
[GameId "2304196703170697"]
[EventDate "2026.04.27"]
[WhiteTeam "Sfr.1932 Kelkheim"]
[BlackTeam "Sfr.Mainz 1928"]

1. e4 c5 2. c3 d5 3. exd5 Qxd5 4. Nf3 Nc6 5. Na3 Nf6 6. Bc4 Qd8 7. h3 e6 8. O-O a6 9. Nc2 Be7 10. d4 cxd4 11. Ncxd4 Nxd4 12. Qxd4 O-O 13. Bf4 b5 14. Bb3 Bb7 15. Ne5 Qxd4 16. cxd4 Rfd8 17. Be3 Nd5 18. Rac1 Rac8 19. Bxd5 Bxd5 20. b3 Ba3 21. Ra1 Bb2 22. Rab1 Rc2 23. Nd3 Ba3 24. Ra1 a5 25. Nf4 Bb2 26. Rab1 b4 27. Rfe1 Be4 28. f3 Bg6 29. Rbd1 Bc3 30. Re2 e5 0-1

[Event "Frankfurter Stadtmeisterschaft 2026 A"]
[Site "Frankfurt am Main"]
[Date "2026.05.04"]
[Round "2.9"]
[White "Dolidze, David"]
[Black "Schweitzer, Stefan"]
[Result "1-0"]
[WhiteElo "2073"]
[BlackElo "1851"]
[PlyCount "71"]
[GameId "2304196703178890"]
[EventDate "2026.04.27"]
[WhiteTeam "SC Eschborn 1974"]
[BlackTeam "SF Frankfurt 1921"]

1. e4 c5 2. Nf3 e6 3. d4 cxd4 4. Nxd4 Nc6 5. Nc3 Qc7 6. Be2 Nf6 7. O-O a6 8. Be3 b5 9. a3 Bb7 10. Qd2 Ne5 11. Bf4 d6 12. f3 Nc4 13. Bxc4 Qxc4 14. Be3 d5 15. e5 Nd7 16. f4 g6 17. Nce2 Rc8 18. Rae1 Qc7 19. b4 Nb6 20. Bf2 Nc4 21. Qc1 Qd7 22. Nb3 Be7 23. Bc5 Bd8 24. Ned4 a5 25. f5 gxf5 26. Qh6 Rxc5 27. Nxc5 Qe7 28. Nxb5 Bb6 29. Nd6+ Nxd6 30. exd6 Qxd6 31. Rxf5 Bxc5+ 32. bxc5 Qxc5+ 33. Kh1 Qc3 34. Rff1 Qxc2 35. Qg7 Rf8 36. Rxe6+ 1-0

[Event "Frankfurter Stadtmeisterschaft 2026 A"]
[Site "Frankfurt am Main"]
[Date "2026.05.04"]
[Round "2.10"]
[White "Rondonuwu, Grover"]
[Black "Dieter, Jürgen"]
[Result "1/2-1/2"]
[WhiteElo "2004"]
[BlackElo "1757"]
[PlyCount "54"]
[GameId "2304196703182987"]
[EventDate "2026.04.27"]
[WhiteTeam "Sabt Frankfurter TV 1860"]
[BlackTeam "Wiesbadener SV 1885"]

1. d4 d5 2. Nc3 Nf6 3. Bf4 c6 4. e3 Bf5 5. Bd3 Bxd3 6. cxd3 e6 7. Nf3 Be7 8. O-O O-O 9. e4 Nbd7 10. h3 Nh5 11. Bh2 f5 12. Re1 f4 13. Qe2 Rf7 14. Ne5 Nxe5 15. dxe5 f3 16. gxf3 Nf4 17. Bxf4 Rxf4 18. Qe3 Bg5 19. Ne2 Rg4+ 20. hxg4 Bxe3 21. fxe3 Qg5 22. Nf4 Kf7 23. exd5 cxd5 24. d4 Rc8 25. Rac1 Rxc1 26. Rxc1 Qd8 27. Kf2 Qa5 1/2-1/2

[Event "Frankfurter Stadtmeisterschaft 2026 A"]
[Site "Frankfurt am Main"]
[Date "2026.05.04"]
[Round "2.11"]
[White "Eisenbeiss, Bruno"]
[Black "Shanawaz Thabrez, Shahzaib"]
[Result "0-1"]
[WhiteElo "1756"]
[BlackElo "2058"]
[PlyCount "52"]
[GameId "2304196703182988"]
[EventDate "2026.04.27"]
[BlackTeam "SK Langen"]

1. e4 e5 2. Nf3 Nc6 3. d4 exd4 4. Bc4 Bb4+ 5. c3 dxc3 6. bxc3 Ba5 7. O-O d6 8. Bg5 Nf6 9. Qb3 O-O 10. Na3 Bb6 11. Rad1 h6 12. Bxf6 Qxf6 13. Be2 Be6 14. Qc2 Rad8 15. Nc4 Bc5 16. a4 d5 17. exd5 Bxd5 18. Rd2 Qf4 19. Nb2 Bxf3 20. Rxd8 Rxd8 21. Bxf3 Rd2 22. Qb1 Ne5 23. Qc1 Nxf3+ 24. gxf3 Qg5+ 25. Kh1 Rxf2 26. Qxg5 Rxf1+ 0-1

[Event "Frankfurter Stadtmeisterschaft 2026 A"]
[Site "Frankfurt am Main"]
[Date "2026.05.04"]
[Round "2.12"]
[White "Diehl, Stefan"]
[Black "Braig, Frank"]
[Result "0-1"]
[WhiteElo "1799"]
[BlackElo "2066"]
[PlyCount "114"]
[GameId "2304196703191181"]
[EventDate "2026.04.27"]
[WhiteTeam "SC 1910 Höchst"]
[BlackTeam "VSG 1880 Offenbach"]

1. f4 d5 2. Nf3 c5 3. e3 a6 4. Be2 Nc6 5. b3 Nh6 6. Bb2 f6 7. O-O e6 8. Nh4 Be7 9. d3 O-O 10. Qe1 e5 11. f5 b5 12. Nd2 Nb4 13. Bd1 Bb7 14. a3 Nc6 15. Be2 Qb6 16. Bf3 Rad8 17. Rb1 a5 18. c4 e4 19. dxe4 dxc4 20. bxc4 b4 21. Be2 Bd6 22. Ndf3 Qc7 23. e5 Nxe5 24. Bxe5 Bxe5 25. Nxe5 Qxe5 26. Bf3 Ba6 27. Qc1 Rd3 28. axb4 cxb4 29. Rd1 Qxe3+ 30. Qxe3 Rxe3 31. Bd5+ Kh8 32. Ra1 Rc3 33. Rxa5 Bxc4 34. Rb1 Bxd5 35. Rxd5 Rc4 36. g3 Rb8 37. Rd3 Kg8 38. Rdb3 Kf7 39. R1b2 Rb5 40. h3 Ke7 41. Kg2 Kd6 42. g4 Kc5 43. Nf3 Rc3 44. Nd2 Rxb3 45. Rxb3 Ra5 46. Ne4+ Kc4 47. Nd2+ Kb5 48. Rd3 Ra7 49. Kf3 Ra3 50. Ke3 Nf7 51. Nb3 Ne5 52. Nd4+ Kc4 53. Rxa3 bxa3 54. Nc2 a2 55. Kd2 Kb3 56. Kc1 Nd3+ 57. Kd2 Nb4 0-1

[Event "Frankfurter Stadtmeisterschaft 2026 A"]
[Site "Frankfurt am Main"]
[Date "2026.05.04"]
[Round "2.13"]
[White "Fang, Borui"]
[Black "Olesko, Calvin Cris"]
[Result "1-0"]
[WhiteElo "1964"]
[BlackElo "1713"]
[PlyCount "81"]
[GameId "2304196703191182"]
[EventDate "2026.04.27"]
[WhiteTeam "SV Oberursel"]

1. c4 c5 2. Nc3 Nc6 3. g3 g6 4. Bg2 Bg7 5. h4 Nf6 6. d3 O-O 7. Be3 d6 8. Qd2 Ng4 9. Bf4 Nd4 10. h5 e5 11. Bg5 f6 12. Bd5+ Be6 13. f3 fxg5 14. Bxe6+ Nxe6 15. fxg4 gxh5 16. Rxh5 h6 17. Nf3 a6 18. O-O-O Qa5 19. Rdh1 b5 20. Rxh6 Bxh6 21. Rxh6 Rae8 22. Nxg5 Rf1+ 23. Nd1 Qxd2+ 24. Kxd2 Nxg5 25. Rg6+ Kf7 26. Rxg5 Rg1 27. Rf5+ Ke6 28. Rf3 Rg8 29. Nf2 Rg6 30. Ne4 Rxg4 31. Rf6+ Ke7 32. Rh6 bxc4 33. Nxd6 cxd3 34. exd3 Kd7 35. Ne4 a5 36. Nf6+ Ke7 37. Nxg4 Rxg3 38. Nxe5 Rg5 39. Nc4 Rd5 40. Nxa5 Rd4 41. Nc6+ 1-0

[Event "Frankfurter Stadtmeisterschaft 2026 A"]
[Site "Frankfurt am Main"]
[Date "2026.05.04"]
[Round "2.14"]
[White "Wagner, Günter"]
[Black "Dietze, Frank"]
[Result "0-1"]
[WhiteElo "1810"]
[BlackElo "2051"]
[PlyCount "126"]
[GameId "2304196703199375"]
[EventDate "2026.04.27"]
[WhiteTeam "SV 1946 Groß-Gerau"]
[BlackTeam "Wiesbadener SV 1885"]

1. c4 c5 2. g3 g6 3. Bg2 Bg7 4. Nc3 Nc6 5. Rb1 e6 6. e4 b6 7. Nge2 Nge7 8. O-O O-O 9. d3 d6 10. Be3 Bb7 11. Qd2 Nd4 12. Bh6 Nxe2+ 13. Nxe2 d5 14. Bxg7 Kxg7 15. exd5 exd5 16. b4 Rc8 17. b5 Rc7 18. h4 Nf5 19. Bh3 Qf6 20. Qg5 Re8 21. Qxf6+ Kxf6 22. Rfe1 Rce7 23. Kf1 dxc4 24. dxc4 Be4 25. Rbd1 Bf3 26. Nf4 Bxd1 27. Nd5+ Kg7 28. Nxe7 Rxe7 29. Bxf5 Rxe1+ 30. Kxe1 Bf3 31. Bd3 Kf6 32. Kd2 h6 33. Ke3 Bg4 34. Kf4 Be6 35. Ke3 g5 36. Kf3 Ke5 37. Ke3 f6 38. f3 Bf7 39. f4+ gxf4+ 40. gxf4+ Kd6 41. Kf2 Be6 42. Kf3 Ke7 43. Kg3 Kf8 44. Kf3 Kg7 45. Kg3 Bf7 46. Kf2 Be6 47. Kg3 Kf7 48. Kf2 Ke8 49. Ke3 Kd7 50. Kd2 Kc7 51. Kc3 Bc8 52. Be4 a6 53. a4 a5 54. Kd2 Kd6 55. Ke3 Bh3 56. Kf2 Ke6 57. Ke3 Bf1 58. f5+ Ke5 59. Bd5 Kxf5 60. Be4+ Ke5 61. Bc2 Bxc4 62. Kf3 f5 63. Bd1 Be6 0-1

[Event "Frankfurter Stadtmeisterschaft 2026 A"]
[Site "Frankfurt am Main"]
[Date "2026.05.04"]
[Round "2.15"]
[White "Blum, Ralph"]
[Black "Erbach, Jürgen"]
[Result "1-0"]
[WhiteElo "2064"]
[BlackElo "1817"]
[PlyCount "77"]
[GameId "2304196703199376"]
[EventDate "2026.04.27"]
[WhiteTeam "SV 1934 Ffm-Griesheim"]
[BlackTeam "Sfr.1932 Kelkheim"]

1. d4 d6 2. e4 Nf6 3. f3 e5 4. dxe5 dxe5 5. Qxd8+ Kxd8 6. Bg5 Be6 7. Nd2 Bd6 8. Nc4 Kd7 9. Nxd6 cxd6 10. Ne2 h6 11. Bh4 Nc6 12. Nc3 g5 13. Bf2 a6 14. Be2 Nb4 15. Kd2 Rac8 16. a3 Nc6 17. Rhd1 Na5 18. Bb6 Nc4+ 19. Bxc4 Rxc4 20. Ke2 Nh5 21. Rd2 Nf4+ 22. Kf2 Rhc8 23. Rad1 R4c6 24. Ba5 b6 25. Bb4 Rd8 26. a4 f5 27. g3 Ng6 28. exf5 Bxf5 29. Nd5 Ke6 30. Ne3 Ne7 31. c4 Bg6 32. b3 Nf5 33. Nc2 Ne7 34. Ne1 a5 35. Ba3 Nf5 36. Bb2 Rc7 37. Re2 Ne7 38. Bxe5 Kd7 39. Rxd6+ 1-0

[Event "Frankfurter Stadtmeisterschaft 2026 A"]
[Site "Frankfurt am Main"]
[Date "2026.05.04"]
[Round "2.16"]
[White "Wöhl, Torsten"]
[Black "Teschler, Ulrich"]
[Result "0-1"]
[WhiteElo "1636"]
[BlackElo "1961"]
[PlyCount "38"]
[GameId "2304196703207569"]
[EventDate "2026.04.27"]
[WhiteTeam "SC Groß-Zimmern"]
[BlackTeam "SV 1926 Fechenheim"]

1. d4 Nf6 2. Bf4 d6 3. Nc3 c6 4. e4 Qb6 5. Na4 Qa5+ 6. c3 b5 7. e5 Nd5 8. b4 Qxa4 9. Qxa4 bxa4 10. Bd2 dxe5 11. dxe5 g6 12. c4 Nb6 13. f4 Bg7 14. Nf3 O-O 15. Nd4 f6 16. e6 f5 17. Bc3 Bxe6 18. O-O-O Bf7 19. b5 c5 0-1

[Event "Frankfurter Stadtmeisterschaft 2026 A"]
[Site "Frankfurt am Main"]
[Date "2026.05.04"]
[Round "2.17"]
[White "Lenhard, Martin"]
[Black "Zeyen, Helmut"]
[Result "1-0"]
[WhiteElo "2004"]
[BlackElo "1822"]
[PlyCount "91"]
[GameId "2304196703207570"]
[EventDate "2026.04.27"]
[WhiteTeam "SV 1920 Hofheim"]
[BlackTeam "Wiesbadener SV 1885"]

1. e4 d5 2. exd5 Nf6 3. Nf3 Nxd5 4. d4 g6 5. c4 Nb6 6. h3 Bg7 7. Nc3 Nc6 8. Be3 Bf5 9. Rc1 Na5 10. b3 c5 11. dxc5 Bxc3+ 12. Rxc3 Qxd1+ 13. Kxd1 Nd7 14. Be2 Nc6 15. Kc1 Nb4 16. Kb2 Na6 17. c6 bxc6 18. Nd4 Ndc5 19. Nxf5 gxf5 20. Rcc1 Ne4 21. Rhe1 e5 22. f4 f6 23. Bf3 Nb4 24. Rcd1 O-O 25. a3 Na6 26. g4 exf4 27. Bxf4 Nf2 28. Rd4 Nxh3 29. Bxc6 Rad8 30. Bd6 Nc7 31. Kc3 Rf7 32. gxf5 Ng5 33. c5 Kg7 34. Rb4 a6 35. a4 a5 36. Rb7 Na6 37. Ree7 Nb4 38. Rxf7+ Nxf7 39. Bf3 Na2+ 40. Kb2 Nb4 41. Bh5 Nd3+ 42. Kc3 Nf2 43. Rxf7+ Kh6 44. Bf3 Nh3 45. Be2 Rg8 46. Rxf6+ 1-0

[Event "Frankfurter Stadtmeisterschaft 2026 A"]
[Site "Frankfurt am Main"]
[Date "2026.05.04"]
[Round "2.19"]
[White "Beinrucker, Clemens"]
[Black "Röckle, Silas"]
[Result "1-0"]
[WhiteElo "1951"]
[BlackElo "1650"]
[PlyCount "67"]
[GameId "2304196703223956"]
[EventDate "2026.04.27"]
[WhiteTeam "SK Niederbrechen 1948"]
[BlackTeam "SF Frankfurt 1921"]

1. e4 c5 2. Nc3 Nc6 3. Bb5 Nd4 4. Nf3 a6 5. Bd3 g6 6. Rb1 Bg7 7. b4 d6 8. bxc5 dxc5 9. Na4 Qc7 10. Nb6 Rb8 11. c3 Nc6 12. Ba3 Ne5 13. Nxe5 Bxe5 14. g3 Bh3 15. f4 Bg7 16. Qa4+ Kf8 17. Qc4 Be6 18. Qxc5 Qxc5 19. Bxc5 Rd8 20. Bc4 Bxc4 21. Nxc4 b5 22. Ne3 Nf6 23. e5 Ne4 24. Bd4 Rc8 25. a4 bxa4 26. Rb4 e6 27. Rxa4 Rc6 28. Ke2 Ke7 29. Rb1 Rhc8 30. Rb7+ Ke8 31. Rb6 Rxb6 32. Bxb6 Nc5 33. Rc4 Bf8 34. d4 1-0

[Event "Frankfurter Stadtmeisterschaft 2026 A"]
[Site "Frankfurt am Main"]
[Date "2026.05.04"]
[Round "2.24"]
[White "Piacentino, Mirco"]
[Black "Reschke, Thomas"]
[Result "0-1"]
[WhiteElo "1673"]
[BlackElo "2030"]
[PlyCount "106"]
[GameId "2304196703240345"]
[EventDate "2026.04.27"]
[WhiteTeam "SV 1934 Ffm-Griesheim"]
[BlackTeam "SC Frankfurt-West"]

1. e4 g6 2. d4 c6 3. Nc3 d5 4. e5 h5 5. h4 Nh6 6. Bf4 Bf5 7. Bd3 e6 8. a3 c5 9. Bxh6 Bxh6 10. Bxf5 gxf5 11. Nf3 cxd4 12. Nxd4 Nd7 13. Qe2 Qb8 14. O-O Qxe5 15. Qxe5 Nxe5 16. Rfe1 Nc6 17. Nxf5 Bd2 18. Re2 Bxc3 19. bxc3 Kd7 20. Ne3 Na5 21. Rd1 Kc7 22. Rd4 b5 23. Rf4 Rh7 24. f3 Rc8 25. Rd2 Kd6 26. Rd3 Nc4 27. Nxc4+ bxc4 28. Rd1 Ke5 29. Rfd4 Rb8 30. Re1+ Kd6 31. Rdd1 Rb2 32. Re2 Ra2 33. Rb1 Kc7 34. g4 hxg4 35. fxg4 Rxh4 36. Rg2 Rxa3 37. Rg3 Ra2 38. Rf1 Rh7 39. Rf2 Rg7 40. Kh2 a5 41. Rgf3 Kd6 42. Kh3 a4 43. Rxf7 Rxf7 44. Rxf7 Rxc2 45. g5 Rxc3+ 46. Kh4 Rc1 47. g6 Rg1 48. Kh5 c3 49. Rf2 d4 50. Kh6 d3 51. g7 c2 52. Rf1 Rxf1 53. g8=Q Rh1+ 0-1

[Event "Frankfurter Stadtmeisterschaft 2026 A"]
[Site "Frankfurt am Main"]
[Date "2026.05.04"]
[Round "2.25"]
[White "Bittner, Peter"]
[Black "Fröhlich-Dill, Astrid"]
[Result "1/2-1/2"]
[WhiteElo "1892"]
[BlackElo "1806"]
[PlyCount "89"]
[GameId "2304196703248538"]
[EventDate "2026.04.27"]
[WhiteTeam "SC 1961 König Nied"]
[BlackTeam "SV 1920 Hofheim"]

1. e4 e6 2. Nf3 c5 3. d4 b6 4. d5 Nf6 5. Bg5 Qc7 6. Bxf6 gxf6 7. c4 d6 8. Nc3 a6 9. g3 Nd7 10. Bh3 Ne5 11. Nxe5 fxe5 12. dxe6 fxe6 13. Qh5+ Qf7 14. Qxf7+ Kxf7 15. O-O Bh6 16. Rad1 Ke7 17. Rd3 Bb7 18. Bg2 Bc6 19. a4 Rhf8 20. Rfd1 Rad8 21. b3 Rf6 22. Rf3 Rxf3 23. Bxf3 Rg8 24. Kf1 Rf8 25. Ke2 Rb8 26. Rb1 b5 27. axb5 axb5 28. cxb5 Bxb5+ 29. Nxb5 Rxb5 30. Kd3 Rb4 31. Kc3 Rd4 32. Rd1 Rxd1 33. Bxd1 d5 34. f3 Be3 35. Kd3 Bg1 36. h3 Bf2 37. g4 h6 38. Ke2 Bg3 39. Bc2 Kf6 40. exd5 exd5 41. Bh7 Kg5 42. Bg8 d4 43. Kd3 Kf4 44. Bd5 Be1 45. Ke2 1/2-1/2

[Event "Frankfurter Stadtmeisterschaft 2026 A"]
[Site "Frankfurt am Main"]
[Date "2026.05.04"]
[Round "2.26"]
[White "May, Franz"]
[Black "Manasek, Martin"]
[Result "1-0"]
[WhiteElo "1720"]
[BlackElo "1641"]
[PlyCount "97"]
[GameId "2304196703248539"]
[EventDate "2026.04.27"]
[WhiteTeam "Freibauer Mörlenbach-Birkenau"]
[BlackTeam "SC Flörsheim 1921"]

1. e4 c6 2. d4 d5 3. e5 Bf5 4. h4 h5 5. Bd3 Bxd3 6. Qxd3 e6 7. Nf3 Be7 8. Nbd2 Nh6 9. c4 Nf5 10. c5 Qa5 11. a3 Qa6 12. Qxa6 Nxa6 13. b4 Nc7 14. Nb3 b6 15. Bd2 O-O 16. O-O Nxh4 17. Nxh4 Bxh4 18. cxb6 axb6 19. Rfc1 Rab8 20. Rxc6 Na8 21. Rac1 Be7 22. f4 g6 23. a4 Kh7 24. b5 Rg8 25. Kf2 Kg7 26. Be3 Rh8 27. Nd2 h4 28. Nf3 h3 29. gxh3 Rxh3 30. Bd2 Bh4+ 31. Nxh4 Rxh4 32. Kg3 Rhh8 33. Bb4 g5 34. fxg5 Kg6 35. Kg4 Rh5 36. Rc8 Rh8 37. Rxb8 Rxb8 38. Bd6 Rb7 39. Rh1 Ra7 40. Bf8 f5+ 41. gxf6 Rxa4 42. Bd6 Rxd4+ 43. Kf3 Rc4 44. Rg1+ Kf5 45. f7 Rf4+ 46. Ke3 Re4+ 47. Kd3 Re3+ 48. Kxe3 Nc7 49. f8=R# 1-0

[Event "Frankfurter Stadtmeisterschaft 2026 A"]
[Site "Frankfurt am Main"]
[Date "2026.05.04"]
[Round "2.27"]
[White "Hensel, Roman"]
[Black "Müller, Jens"]
[Result "1-0"]
[WhiteElo "1840"]
[BlackElo "1679"]
[PlyCount "53"]
[GameId "2304196703256732"]
[EventDate "2026.04.27"]
[WhiteTeam "SV Oberursel"]
[BlackTeam "SV 1920 Hofheim"]

1. e4 c6 2. d4 d5 3. e5 Bf5 4. Nd2 e6 5. Nb3 Nd7 6. Nf3 a5 7. a4 f6 8. Bf4 Ne7 9. Be2 Ng6 10. Bg3 Be7 11. h4 h5 12. Bd3 Be4 13. Bxe4 dxe4 14. Nfd2 f5 15. Nc4 f4 16. Bh2 Nb6 17. Nxb6 Qxb6 18. Qe2 e3 19. O-O-O exf2 20. Qxf2 O-O-O 21. Bxf4 Nxf4 22. Qxf4 Rhf8 23. Qg3 Qb4 24. Qxg7 Rg8 25. Qh6 Rxg2 26. Qxe6+ Kb8 27. c3 1-0

[Event "Frankfurter Stadtmeisterschaft 2026 A"]
[Site "Frankfurt am Main"]
[Date "2026.05.04"]
[Round "2.28"]
[White "Mühlbach, Christian"]
[Black "Münstermann, Matthias"]
[Result "1-0"]
[WhiteElo "1845"]
[BlackElo "1765"]
[PlyCount "97"]
[GameId "2304196703264925"]
[EventDate "2026.04.27"]
[WhiteTeam "SK Langen"]
[BlackTeam "SK Langen"]

1. Nf3 d5 2. c4 c6 3. b3 Nf6 4. Bb2 Bf5 5. d3 e6 6. Nbd2 Bd6 7. g3 O-O 8. Bg2 Nbd7 9. O-O Rc8 10. Re1 e5 11. h3 h6 12. e4 dxe4 13. dxe4 Bh7 14. Qc2 Re8 15. Rad1 Qe7 16. Nh4 Rcd8 17. Nf5 Bxf5 18. exf5 Bc5 19. Re2 Nh5 20. Kh2 Bd6 21. Ne4 Bc7 22. c5 Ndf6 23. b4 Nxe4 24. Bxe4 Nf6 25. Bd3 Nd5 26. a3 f6 27. Bc4 Kh8 28. Re4 a5 29. Bb3 Qd7 30. Rg4 axb4 31. axb4 e4 32. Rxe4 Rxe4 33. Qxe4 Re8 34. Qg4 Rd8 35. Re1 Ne7 36. Be6 Qd2 37. Re2 Qd3 38. Bc4 Qd7 39. Be6 Qd3 40. Qh5 Kh7 41. Re3 Qd2 42. Re2 Qd3 43. Bxf6 gxf6 44. Qf7+ Kh8 45. Qxf6+ Kh7 46. Qxe7+ Kh8 47. Qf6+ Kh7 48. Qg6+ Kh8 49. Qxh6# 1-0

[Event "Frankfurter Stadtmeisterschaft 2026 A"]
[Site "Frankfurt am Main"]
[Date "2026.05.04"]
[Round "2.29"]
[White "Koellner, Ulrich"]
[Black "Börsch, Dieter"]
[Result "1/2-1/2"]
[WhiteElo "1766"]
[BlackElo "1805"]
[PlyCount "35"]
[GameId "2304196703264926"]
[EventDate "2026.04.27"]
[WhiteTeam "SV 1920 Hofheim"]
[BlackTeam "SK Bad Homburg 1927"]

1. d4 Nf6 2. c4 e6 3. Nf3 b6 4. g3 Bb7 5. Bg2 Be7 6. Nc3 O-O 7. O-O d6 8. Re1 Ne4 9. Qc2 Nxc3 10. bxc3 f5 11. Nd2 Bxg2 12. Kxg2 d5 13. cxd5 exd5 14. Rg1 Nd7 15. Nf3 Qe8 16. Bf4 c6 17. Ne5 Nxe5 18. Bxe5 1/2-1/2

[Event "Frankfurter Stadtmeisterschaft 2026 A"]
[Site "Frankfurt am Main"]
[Date "2026.05.04"]
[Round "2.30"]
[White "Gerhard, Dominik"]
[Black "Bartsch, Marius"]
[Result "1-0"]
[WhiteElo "1772"]
[BlackElo "1733"]
[PlyCount "51"]
[GameId "2304196703273119"]
[EventDate "2026.04.27"]
[WhiteTeam "SV Oberursel"]
[BlackTeam "Wiesbadener SV 1885"]

1. c4 e5 2. Nc3 Nf6 3. Nf3 e4 4. Ng5 c6 5. Ngxe4 Nxe4 6. Nxe4 d5 7. cxd5 cxd5 8. Ng3 h5 9. Qc2 Nc6 10. e3 h4 11. Ne2 Bd6 12. d4 Qf6 13. a3 Bf5 14. Qb3 O-O-O 15. Bd2 Kb8 16. Nc3 Qg6 17. Bb5 Bc2 18. Qxd5 Na5 19. Ba4 Rh5 20. Bxc2 Qxc2 21. Qxh5 Qxb2 22. Ra2 Qb6 23. Qb5 Qc7 24. Nd5 Qc4 25. Qxa5 Bc7 26. Qxc7+ 1-0